000
00321nam a22001457a 4500
008
221006b ||||| |||| 00| 0 eng d
020
_a
1559579986
041
_a
eng
080
_2
fourth edition
_a
61
082
_a
61 INM
100
_a
5
101
_a
MED
245
_a
INFECTION CONTROL
_c
INMAN W.B
942
_2
udc
_c
BK
999
_c
58371
_d
58371